|
|
|
|
| LEADER |
00000nam0a2200000 4500 |
| 001 |
76725 |
| 005 |
20231101212905.0 |
| 010 |
|
|
|a 5020326259
|b 410 экз.
|
| 021 |
|
|
|a RU
|b 05-9092
|9 05-474
|
| 035 |
|
|
|a (RuTPU)RU\TPU\book\82244
|
| 090 |
|
|
|a 76725
|
| 100 |
|
|
|a 20050503d2005 k y0rusy5002 ca
|
| 101 |
0 |
|
|a rus
|
| 102 |
|
|
|a RU
|
| 105 |
|
|
|a y z 001zd
|
| 200 |
1 |
|
|a Почвоведение: история, социология, методология
|f Российская академия наук; Институт физико-химических и биологических проблем почвоведения; под ред. В. Н. Кудеярова; И. В. Иванова
|
| 210 |
|
|
|a Москва
|c Наука
|d 2005
|
| 215 |
|
|
|a 421, [1] с.
|c ил.
|d 24 см.
|
| 300 |
|
|
|a Памяти основателя теоретического почвоведения В. В. Докучаева.
|
| 320 |
|
|
|a Библиография в конце статей
|
| 330 |
|
|
|a Сборник научных трудов содержит около 90 материалов, сгруппированных по разделам: памяти В. В. Докучаева, история научных направлений и организаций в почвоведении, научное творчество и биографии учёных-почвоведов, социология почвоведения, почвенное образование и просвещение, методология и основные теоретические проблемы почвоведения, взаимодействие почвенного покрова и общества. Авторы книги - почвоведы России, Украины, Молдовы, Армении, Азербайджана, Узбекистана. Статьи содержат новые методологические подходы, ряд из них имеет дискуссионный характер. Для научных работников, аспирантов, студентов-почвоведов, агрономов, мелиораторов, географов, экологов и специалистов в других областях науки и практики.
|
| 600 |
|
1 |
|a Докучаев
|g Василий Васильевич
|c естествоиспытатель
|c профессор Петербургского университета
|f 1846-1903
|b В. В.
|2 stltpush
|3 (RuTPU)RU\TPU\pers\1167
|
| 600 |
|
1 |
|a Афанасьев
|b Я. Н.
|c ученый
|c почвовед
|f 1887-1938
|g Яков Никитович
|2 stltpush
|3 (RuTPU)RU\TPU\pers\13147
|
| 600 |
|
1 |
|a Ковда
|b В. А.
|c российский почвовед
|f 1904 - 1991
|g Виктор Абрамович
|2 stltpush
|3 (RuTPU)RU\TPU\pers\11594
|9 2782
|
| 600 |
|
1 |
|a Волобуев
|b В. Р.
|c почвовед, мелиоратор
|c член-корреспондент АН СССР
|f 1909-1987
|g Владимир Родионович
|2 stltpush
|3 (RuTPU)RU\TPU\pers\13148
|9 3832
|
| 600 |
|
1 |
|a Егоров
|b В. В.
|c ученый
|c почвовед-мелиоратор
|f 1910-2001
|g Валентин Васильевич
|2 stltpush
|3 (RuTPU)RU\TPU\pers\13149
|
| 600 |
|
1 |
|a Розов
|b Н. Н.
|c почвовед, картограф
|g Николай Николаевич
|f 1909-1986
|2 stltpush
|3 (RuTPU)RU\TPU\pers\13150
|
| 600 |
|
1 |
|a Каретин
|b Л. Н.
|c российский ученый
|c почвовед
|f 1930-1991
|g Лев Николаевич
|2 stltpush
|3 (RuTPU)RU\TPU\pers\13151
|9 3835
|
| 610 |
1 |
|
|a почвоведение
|
| 610 |
1 |
|
|a научные исследования
|
| 610 |
1 |
|
|a история
|
| 610 |
1 |
|
|a ученые-почвоведы
|
| 610 |
1 |
|
|a социология
|
| 610 |
1 |
|
|a подготовка специалистов
|
| 610 |
1 |
|
|a проблемы
|
| 610 |
1 |
|
|a почва
|
| 610 |
1 |
|
|a плодородие
|
| 610 |
1 |
|
|a минеральные удобрения
|
| 610 |
1 |
|
|a мелиорация
|
| 610 |
1 |
|
|a охрана
|
| 675 |
|
|
|a 631.4
|v 3
|z rus
|
| 702 |
|
1 |
|a Кудеяров
|b В. Н.
|g Валерий Николаевич
|4 340
|
| 702 |
|
1 |
|a Иванов
|b И. В.
|4 340
|
| 712 |
0 |
2 |
|a Российская академия наук (РАН)
|b Институт физико-химических и биологических проблем почвоведения (ИФХиБПП)
|c (Пущино)
|c (1999- )
|2 stltpush
|3 (RuTPU)RU\TPU\col\3483
|
| 801 |
|
0 |
|a RU
|b RKP
|c 20050323
|g PSBO
|
| 801 |
|
1 |
|a RU
|b 63413507
|c 20050503
|g PSBO
|
| 801 |
|
2 |
|a RU
|b 63413507
|c 20220601
|g PSBO
|
| 942 |
|
|
|c BK
|